| 000 | 01007nas a2200313 4500 | ||
|---|---|---|---|
| 001 | BR2019000250 | ||
| 003 | BR-BrBNA | ||
| 005 | 20231205131549.0 | ||
| 007 | ta | ||
| 008 | 230509b bl.|||p| |||| 00| 00por d | ||
| 040 |
_aBR-BrBNA _bpor _cBiblioteca Nacional de Agricultura |
||
| 041 | _a(En) | ||
| 072 | _aP34 | ||
| 100 | 1 | _aPeres, A.R. | |
| 100 | 1 | _aRodrigues, R.A.F. | |
| 100 | 1 | _aArf, O. | |
| 100 | 1 | _aPortugal, J.R. | |
| 100 | 1 | _aCorsini, D.C.D.C. | |
| 245 | 1 | _aCo-inoculation of Rhizobium tropici and Azospirillum brasilense in common beans grown under two irrigation depths | |
| 650 | _aFEIJÃO | ||
| 650 | _aINOCULAÇÃO | ||
| 650 | _aIRRIGAÇÃO | ||
| 650 | _aFIXAÇÃO DE NITROGÊNIO | ||
| 650 | _aPRODUTIVIDADE | ||
| 773 | 0 |
_tRevista Ceres (Brazil) _xISSN 2177-3491 _g(Mar-Apr 2016), v. 63(2) p. 198-207 _wBR2019000250 |
|
| 856 | 4 | 0 | _uhttp://www.scielo.br/pdf/rceres/v63n2/2177-3491-rceres-63-02-00198.pdf |
| 909 |
_a202311 _bLúcia _c55 _dLúcia Elande |
||
| 942 |
_2AGRIS _n0 _cANA |
||
| 999 |
_c255469 _d255469 |
||